000 00611nam a2200241Ia 4500
003 OSt
005 20221007101349.0
006 a|||||r|||| 00| 0
007 ta
008 221006b |||||||| |||| 00| 0 eng d
024 _a6,311
037 _cTextual
040 _aLCO
_cLCO
_beng
041 _2eng
_aeng
082 _aX:51:5.1, K9
100 _aBHAGWATI JAGDISH
245 0 _aInternational Trade.
260 _aLondon
_bPenguin Books
_c1969
300 _a414
650 _aINTERNATIONAL TRADE
942 _hX:51:5.1, K9
_cTEXL
999 _c1175874
_d1175874